Resultados prácticos e influencia de las convenciones internacionales del trabajo, sobre las legislaciones sociales de las naciones hispanoamericanas / (Record no. 149671)

MARC details
000 -LEADER
campo de control de longitud fija 00643nam a2200169 i 4500
001 - NÚMERO DE CONTROL
campo de control 149671
003 - IDENTIFICADOR DE NÚMERO DE CONTROL
campo de control ES-MaACL
005 - FECHA Y HORA DE LA ÚLTIMA TRANSACCIÓN
campo de control 20230906203212.0
007 - CAMPO FIJO DE DESCRIPCIÓN FÍSICA--INFORMACIÓN GENERAL
campo de control de longitud fija t|
008 - DATOS DE LONGITUD FIJA--INFORMACIÓN GENERAL
campo de control de longitud fija 071023s1935 mx ||||1| spa d
100 1# - ENTRADA PRINCIPAL--NOMBRE DE PERSONA
Nombre de persona Vasquez, Genaro V.
9 (RLIN) 113277
245 10 - MENCIÓN DEL TÍTULO
Título Resultados prácticos e influencia de las convenciones internacionales del trabajo, sobre las legislaciones sociales de las naciones hispanoamericanas /
Mención de responsabilidad, etc. por Genaro V. Vasquez y Rubén Salido Orcillo.
260 ## - PUBLICACIÓN, DISTRIBUCIÓN, ETC.
Lugar de publicación, distribución, etc. México :
Nombre del editor, distribuidor, etc. [s.n.],
Fecha de publicación, distribución, etc. 1935 (
Fabricante Tall. Gráf. La Nación)
300 ## - DESCRIPCIÓN FÍSICA
Extensión 15 p. ;
Dimensiones 23 cm.
700 1# - ENTRADA AGREGADA--NOMBRE PERSONAL
Nombre de persona Salido Orcillo, Rubén.
9 (RLIN) 101922
852 ## - LOCALIZACIÓN
Ubicación ES-MaACL
Número de control de estantería 1818-F-21
Holdings
Estatus retirado Estado de pérdida Estado de daño No para préstamo Colección Biblioteca de origen Biblioteca actual Ubicación en estantería Fecha de adquisición Fuente de adquisición Total de préstamos Signatura topográfica completa Código de barras Visto por última vez Precio de reemplazo Tipo de ítem Koha
        Colección de folletos Biblioteca del Ateneo de Madrid Biblioteca del Ateneo de Madrid Depósito folletos 17/01/2008     1818-F-21 1156187 23/02/2023 23/02/2023 Folleto